000 00636nam a2200241 a 4500
001 nice12345678
003 IN_TiNIC
005 20260116014612.0
008 050524s1992 paka grp 000 0 eng
020 _a
_c300
082 0 0 _a305.480
_bAFT
100 _aAftab, Tahera
245 _aChallenge for Change
_b Literacy for the Girl of Today, the Woman of Tomarrow
260 _aPakistan
_bUniversity of Karachi
_c1992
300 _a241p
500 _aincludes index and biblioraphy
505 2 _aIndex
650 _aWomen-Education-pakistan
700 1 _aAftab, Tahera
902 _bSRS
942 _cBK
999 _c16178
_d16178